Les adieux au comptoir (Record no. 165041)
[ view plain ]
| 000 -LEADER | |
|---|---|
| campo de control de longitud fija | 01337nam a22003255i 4500 |
| 001 - NÚMERO DE CONTROL | |
| campo de control | 165041 |
| 003 - IDENTIFICADOR DE NÚMERO DE CONTROL | |
| campo de control | ES-MaACL |
| 005 - FECHA Y HORA DE LA ÚLTIMA TRANSACCIÓN | |
| campo de control | 20250824052159.0 |
| 008 - DATOS DE LONGITUD FIJA--INFORMACIÓN GENERAL | |
| campo de control de longitud fija | 050809s1877 fr | |||||||| ||fre d |
| 040 ## - FUENTE DE CATALOGACIÓN | |
| Centro catalogador/agencia de origen | CAM |
| Lengua de catalogación | spa |
| Centro/agencia transcriptor | CAM |
| 100 0# - ENTRADA PRINCIPAL--NOMBRE DE PERSONA | |
| Nombre de persona | Scribe, Eugène. |
| 9 (RLIN) | 104966 |
| 245 14 - MENCIÓN DEL TÍTULO | |
| Título | Les adieux au comptoir |
| Resto del título | : ; Le Chateau de la Poularde ; Le bal champêtre ; Le parlementaire ; Coraly ; Monsieur Tardif ; La haine d'une femme / |
| Mención de responsabilidad, etc. | Eugène Scribe. |
| 260 ## - PUBLICACIÓN, DISTRIBUCIÓN, ETC. | |
| Lugar de publicación, distribución, etc. | Paris : |
| Nombre del editor, distribuidor, etc. | E. Dentu, libraire-éditeur, |
| Fecha de publicación, distribución, etc. | 1877 ( |
| Fabricante | Imp. Paul Dupont) |
| 300 ## - DESCRIPCIÓN FÍSICA | |
| Extensión | 348, [2] p. ; |
| Dimensiones | 18 cm. |
| 490 1# - MENCIÓN DE SERIE | |
| Mención de serie | Oeuvres complètes de Eugène Scribe ; |
| Designación de volumen o secuencia | 22. |
| Mención de serie | Secondième série : comédies, vaudevilles. 13 |
| 655 #0 - TERMINO DE INDIZACIÓN--GENERO/FORMA | |
| Datos o término principal de género/forma | Teatro |
| 9 (RLIN) | 234794 |
| 700 1# - ENTRADA AGREGADA--NOMBRE PERSONAL | |
| Nombre de persona | Dentu, E., |
| Término indicativo de función/relación | |
| 9 (RLIN) | 230064 |
| 700 1# - ENTRADA AGREGADA--NOMBRE PERSONAL | |
| Nombre de persona | Dupont, Paul, |
| Término indicativo de función/relación | |
| 9 (RLIN) | 46109 |
| 740 3# - ENTRADA AGREGADA--TÍTULO RELACIONADO/ANALÍTICO NO CONTROLADO | |
| Título relacionado o analítico no controlado | Le chateau de la poularde. |
| 740 3# - ENTRADA AGREGADA--TÍTULO RELACIONADO/ANALÍTICO NO CONTROLADO | |
| Título relacionado o analítico no controlado | Le bal champêtre. |
| 740 3# - ENTRADA AGREGADA--TÍTULO RELACIONADO/ANALÍTICO NO CONTROLADO | |
| Título relacionado o analítico no controlado | Le parlementaire. |
| 740 0# - ENTRADA AGREGADA--TÍTULO RELACIONADO/ANALÍTICO NO CONTROLADO | |
| Título relacionado o analítico no controlado | Coraly. |
| 740 0# - ENTRADA AGREGADA--TÍTULO RELACIONADO/ANALÍTICO NO CONTROLADO | |
| Título relacionado o analítico no controlado | Monsieur Tardif. |
| 740 3# - ENTRADA AGREGADA--TÍTULO RELACIONADO/ANALÍTICO NO CONTROLADO | |
| Título relacionado o analítico no controlado | La haine d'une femme. |
| 740 0# - ENTRADA AGREGADA--TÍTULO RELACIONADO/ANALÍTICO NO CONTROLADO | |
| Título relacionado o analítico no controlado | Vatel. |
| 752 ## - ENTRADA AGREGADA--NOMBRE JERÁRQUICO DEL LUGAR | |
| País o entidad superior | Francia - |
| Ciudad | París |
| 830 0# - PUNTO DE ACCESO ADICIONAL DE SERIE-TÍTULO UNIFORME | |
| Título uniforme | Oeuvres complètes de Eugène Scribe ; |
| Designación de volumen o secuencia | 22. |
| Título uniforme | Secondième série : comédies, vaudevilles. 13 |
| 9 (RLIN) | 222410 |
| 852 ## - LOCALIZACIÓN | |
| Ubicación | ES-MaACL |
| Número de control de estantería | C-18559 |
| Nota libre | -- Enc. hol., conservando la cub. original |
| -- | -- Enc. al final 8 pp. de propaganda editorial |
| Estatus retirado | Estado de pérdida | Estado de daño | No para préstamo | Colección | Biblioteca de origen | Biblioteca actual | Ubicación en estantería | Fecha de adquisición | Fuente de adquisición | Total de préstamos | Signatura topográfica completa | Código de barras | Visto por última vez | Precio de reemplazo | Tipo de ítem Koha |
|---|---|---|---|---|---|---|---|---|---|---|---|---|---|---|---|
| Libros del s. XIX | Biblioteca del Ateneo de Madrid | Biblioteca del Ateneo de Madrid | Galería | 17/01/2008 | C-18559 | 1173014 | 23/02/2023 | 23/02/2023 | Libro impreso antiguo |
